[Event "Chess House GM-turnering 2018-GM-gruppe"]
[Site "Aarhus"]
[Date "2018.02.10"]
[Round "2"]
[White "Kveinys, Aloyzas"]
[Black "Vorobiov, Evgeny E"]
[Result "1/2-1/2"]
[WhiteElo "2550"]
[BlackElo "2548"]
[PlyCount "60"]
[EventDate "2018.02.09"]
[EventType "tourn"]
[EventRounds "9"]
[EventCountry "DEN"]

1. d4 d5 2. c4 dxc4 3. e3 Nf6 4. Bxc4 e6 5. Nf3 c5 6. O-O a6 7. dxc5 Qxd1 8.
Rxd1 Bxc5 9. Be2 Nbd7 10. b3 b6 11. Bb2 Bb7 12. Nbd2 O-O 13. Rac1 Rfd8 14. Nc4
Bd5 15. Nfe5 Nxe5 16. Nxe5 Bb7 17. Rxd8+ Rxd8 18. Rd1 Rxd1+ 19. Bxd1 b5 20. Nd3
Be7 21. f3 Nd7 22. Kf2 Nc5 23. Bc2 Nxd3+ 24. Bxd3 f6 25. Ke2 Kf7 26. a4 bxa4
27. bxa4 Bc6 28. Bxa6 Bxa4 29. Bc4 Bc6 30. Bc3 Bc5 1/2-1/2

[Event "Chess House GM-turnering 2018-GM-gruppe"]
[Site "Aarhus"]
[Date "2018.02.10"]
[Round "2"]
[White "Matthiesen, Martin"]
[Black "Kollars, Dmitrij"]
[Result "0-1"]
[WhiteElo "2314"]
[BlackElo "2509"]
[PlyCount "60"]
[EventDate "2018.02.09"]
[EventType "tourn"]
[EventRounds "9"]
[EventCountry "DEN"]

1. d4 d5 2. Bf4 Nf6 3. e3 c5 4. c3 Nc6 5. Nd2 Bf5 6. Qb3 Qc8 7. dxc5 e5 8. Bg5
Be6 9. Bxf6 gxf6 10. Ngf3 Bxc5 11. Qc2 Qc7 12. g3 O-O-O 13. Bg2 Kb8 14. O-O f5
15. Rac1 h5 16. b4 Be7 17. a3 h4 18. c4 d4 19. exd4 Nxd4 20. Nxd4 Rxd4 21. c5
f4 22. Nf3 Rdd8 23. Qe4 fxg3 24. fxg3 hxg3 25. hxg3 f6 26. Rfd1 Rdg8 27. Nd4
exd4 28. Qxe6 Rxg3 29. Qd5 Rg5 30. Qf3 Rh4 0-1

[Event "Chess House GM-turnering 2018-GM-gruppe"]
[Site "Aarhus"]
[Date "2018.02.18"]
[Round "9"]
[White "Kveinys, Aloyzas"]
[Black "Kollars, Dmitrij"]
[Result "1/2-1/2"]
[WhiteElo "2550"]
[BlackElo "2509"]
[PlyCount "76"]
[EventDate "2018.02.09"]
[EventType "tourn"]
[EventRounds "9"]
[EventCountry "DEN"]

1. e4 e5 2. Nf3 Nc6 3. Bb5 a6 4. Ba4 Nf6 5. O-O Be7 6. Re1 b5 7. Bb3 d6 8. c3
O-O 9. h3 Na5 10. Bc2 c5 11. d4 Nd7 12. b3 exd4 13. cxd4 Nc6 14. Nc3 Bf6 15.
Be3 Bb7 16. e5 dxe5 17. dxc5 Nd4 18. Nxd4 exd4 19. Bxd4 Nxc5 20. Bxc5 Bxc3 21.
Bxf8 Bxa1 22. Qxa1 Qxf8 23. Qe5 g6 24. Qe7 Bd5 25. Qe5 Be6 26. Be4 Rd8 27. h4
Qg7 28. Qg5 Qd4 29. Bf3 Qd2 30. Re3 Qc1+ 31. Kh2 Qc7+ 32. g3 Rd2 33. Re2 Rxe2
34. Bxe2 Qc2 35. Qd8+ Kg7 36. Qd4+ Kg8 37. Qd8+ Kg7 38. Qd4+ Kg8 1/2-1/2

[Event "Chess House GM-turnering 2018-GM-gruppe"]
[Site "Aarhus"]
[Date "2018.02.16"]
[Round "7"]
[White "Vorobiov, Evgeny E"]
[Black "Kollars, Dmitrij"]
[Result "1/2-1/2"]
[WhiteElo "2548"]
[BlackElo "2509"]
[PlyCount "62"]
[EventDate "2018.02.09"]
[EventType "tourn"]
[EventRounds "9"]
[EventCountry "DEN"]

1. d4 d5 2. c4 e6 3. Nf3 Nf6 4. g3 dxc4 5. Bg2 c5 6. O-O Nc6 7. Qa4 Bd7 8. Qxc4
cxd4 9. Nxd4 Rc8 10. Nc3 Nxd4 11. Qxd4 Bc5 12. Qh4 h6 13. Ne4 Nxe4 14. Qxd8+
Kxd8 15. Bxe4 Bc6 16. Rd1+ Ke7 17. Bxc6 Rxc6 18. Bd2 Rd8 19. Bc3 Rxd1+ 20. Rxd1
g6 21. Kf1 Rd6 22. Rxd6 Kxd6 23. e4 h5 24. h3 f5 25. f3 b5 26. Ke2 a6 27. b3
Kc6 28. Kd3 Bf2 29. g4 fxg4 30. fxg4 hxg4 31. hxg4 Bc5 1/2-1/2

[Event "Chess House GM-turnering 2018-GM-gruppe"]
[Site "Aarhus"]
[Date "2018.02.14"]
[Round "5"]
[White "Teplyi, Igor"]
[Black "Olsen, Filip Boe"]
[Result "1/2-1/2"]
[WhiteElo "2402"]
[BlackElo "2300"]
[PlyCount "61"]
[EventDate "2018.02.09"]
[EventType "tourn"]
[EventRounds "9"]
[EventCountry "DEN"]

1. d4 d5 2. c4 e6 3. Nf3 Nf6 4. Nc3 c6 5. Bg5 h6 6. Bxf6 Qxf6 7. Qb3 dxc4 8.
Qxc4 Nd7 9. Rd1 g6 10. e4 e5 11. d5 Nb6 12. Qb3 Bg4 13. dxc6 bxc6 14. Be2 Bc5
15. O-O O-O 16. Qc2 Rfd8 17. Nd2 Be6 18. Nd5 cxd5 19. Qxc5 Rdc8 20. Qd6 Rd8 21.
Qa3 h5 22. exd5 Bxd5 23. g3 h4 24. Bf3 Bxf3 25. Qxf3 Qxf3 26. Nxf3 hxg3 27.
hxg3 f6 28. Kg2 Na4 29. b3 Nc3 30. Rxd8+ Rxd8 31. Rc1 1/2-1/2

[Event "Chess House GM-turnering 2018-GM-gruppe"]
[Site "Aarhus"]
[Date "2018.02.12"]
[Round "3"]
[White "Olsen, Filip Boe"]
[Black "Bjerre, Jonas Buhl"]
[Result "1/2-1/2"]
[WhiteElo "2300"]
[BlackElo "2368"]
[PlyCount "42"]
[EventDate "2018.02.09"]
[EventType "tourn"]
[EventRounds "9"]
[EventCountry "DEN"]

1. d4 Nf6 2. c4 e6 3. Nc3 Bb4 4. e3 O-O 5. Bd3 d5 6. Nf3 c5 7. O-O cxd4 8. exd4
dxc4 9. Bxc4 b6 10. Qe2 Bb7 11. Rd1 Bxc3 12. bxc3 Qc7 13. Bd2 Bxf3 14. Qxf3
Qxc4 15. Qxa8 Nc6 16. Qb7 Nd5 17. Rac1 Rb8 18. Qd7 Rd8 19. Qb7 Rb8 20. Qd7 Rd8
21. Qb7 Rb8 1/2-1/2

[Event "Chess House GM-turnering 2018-GM-gruppe"]
[Site "Aarhus"]
[Date "2018.02.09"]
[Round "1"]
[White "Kollars, Dmitrij"]
[Black "Thybo, Jesper Sondergaard"]
[Result "1/2-1/2"]
[WhiteElo "2509"]
[BlackElo "2479"]
[PlyCount "51"]
[EventDate "2018.02.09"]
[EventType "tourn"]
[EventRounds "9"]
[EventCountry "DEN"]

1. e4 c6 2. Nf3 d5 3. Nc3 Bg4 4. h3 Bxf3 5. Qxf3 e6 6. g3 Nf6 7. Bg2 Bc5 8. O-O
O-O 9. d3 Nbd7 10. Qe2 Qc7 11. Kh2 dxe4 12. Nxe4 Nxe4 13. Qxe4 e5 14. Bd2 a5
15. f4 exf4 16. Bxf4 Bd6 17. Rae1 Nf6 18. Bxd6 Qxd6 19. Qe7 Qb4 20. c3 Qb6 21.
Rxf6 gxf6 22. Qxf6 Rae8 23. Qg5+ Kh8 24. Qf6+ Kg8 25. Qg5+ Kh8 26. Qf6+ 1/2-1/2

[Event "Chess House GM-turnering 2018-GM-gruppe"]
[Site "Aarhus"]
[Date "2018.02.12"]
[Round "3"]
[White "Vorobiov, Evgeny E"]
[Black "Thybo, Jesper Sondergaard"]
[Result "1/2-1/2"]
[WhiteElo "2548"]
[BlackElo "2479"]
[PlyCount "83"]
[EventDate "2018.02.09"]
[EventType "tourn"]
[EventRounds "9"]
[EventCountry "DEN"]

1. d4 Nf6 2. c4 e6 3. Nc3 Bb4 4. Nf3 d5 5. Bg5 h6 6. Bxf6 Qxf6 7. Qb3 c5 8.
cxd5 exd5 9. e3 O-O 10. dxc5 Bxc3+ 11. Qxc3 Qxc3+ 12. bxc3 Nd7 13. Rd1 Nxc5 14.
Rxd5 b6 15. Rd4 Be6 16. c4 Rac8 17. g4 g6 18. g5 h5 19. Be2 Rc7 20. Kd2 Rfc8
21. Rb1 Bg4 22. h4 Ne6 23. Rd6 Bxf3 24. Bxf3 Rxc4 25. Bd5 Rc2+ 26. Ke1 Rd8 27.
Rxd8+ Nxd8 28. Rd1 Rc7 29. f4 Ne6 30. Ke2 Kf8 31. Kf3 Ke7 32. Rd3 Rc1 33. Ra3
a5 34. Bxe6 Kxe6 35. Rb3 Rc6 36. Rb5 Kd6 37. f5 gxf5 38. Rxf5 Ke7 39. Rb5 Kf8
40. Kf4 Kg7 41. e4 a4 42. a3 1/2-1/2

[Event "Chess House GM-turnering 2018-GM-gruppe"]
[Site "Aarhus"]
[Date "2018.02.15"]
[Round "6"]
[White "Bjerre, Jonas Buhl"]
[Black "Thybo, Jesper Sondergaard"]
[Result "1/2-1/2"]
[WhiteElo "2368"]
[BlackElo "2479"]
[PlyCount "60"]
[EventDate "2018.02.09"]
[EventType "tourn"]
[EventRounds "9"]
[EventCountry "DEN"]

1. e4 c6 2. d4 d5 3. Nc3 dxe4 4. Nxe4 Nf6 5. Nxf6+ exf6 6. c3 Bd6 7. Bd3 O-O 8.
Qc2 Re8+ 9. Ne2 h5 10. Be3 Nd7 11. Ng3 Nb6 12. Nxh5 Nd5 13. O-O Bg4 14. Ng3
Bxg3 15. hxg3 Nxe3 16. fxe3 Rxe3 17. Rae1 Qe7 18. Qd2 Re8 19. Kf2 Rxe1 20. Rxe1
Qxe1+ 21. Qxe1 Rxe1 22. Kxe1 Kf8 23. Kd2 Ke7 24. c4 Be6 25. b3 Kd6 26. Ke3 c5
27. Be4 b6 28. Kd3 g5 29. Bf3 Bf5+ 30. Be4 Bg4 1/2-1/2

[Event "Chess House GM-turnering 2018-GM-gruppe"]
[Site "Aarhus"]
[Date "2018.02.10"]
[Round "2"]
[White "Thybo, Jesper Sondergaard"]
[Black "Teplyi, Igor"]
[Result "1-0"]
[WhiteElo "2479"]
[BlackElo "2402"]
[PlyCount "151"]
[EventDate "2018.02.09"]
[EventType "tourn"]
[EventRounds "9"]
[EventCountry "DEN"]

1. e4 c5 2. Nf3 d6 3. Bb5+ Bd7 4. Bxd7+ Nxd7 5. O-O Ngf6 6. Qe2 e6 7. b3 g6 8.
Bb2 Bg7 9. c4 O-O 10. d4 cxd4 11. Bxd4 Qa5 12. Bc3 Qb6 13. Nbd2 Rfd8 14. Rac1
Rac8 15. Rfd1 a6 16. a4 Ne8 17. a5 Qc7 18. Bxg7 Kxg7 19. b4 b6 20. Nb3 Rb8 21.
Nfd4 e5 22. Nc2 Rdc8 23. Qd2 Ndf6 24. f3 Qb7 25. Qe2 Qc7 26. axb6 Qxb6+ 27. Kh1
Nc7 28. Na5 Ne6 29. Qd2 Rd8 30. Rb1 Rbc8 31. Rb3 Rd7 32. g3 h5 33. h4 Rcd8 34.
Rd3 Qc7 35. Kg2 Qc8 36. Ne3 Kf8 37. Nb3 Qb7 38. Nd5 Nxd5 39. Rxd5 Ke8 40. Na5
Qc7 41. b5 Nd4 42. Rxd4 exd4 43. Nc6 axb5 44. cxb5 Kf8 45. Qxd4 Kg8 46. Nxd8
Rxd8 47. b6 Qc6 48. Rd2 Rb8 49. Rb2 Qc1 50. b7 Qc6 51. Qb6 Qc3 52. Ra2 Kh7 53.
Qb5 Qc7 54. Rb2 Qc3 55. Qb3 Qc7 56. Qd5 Kg8 57. Kh2 Qc3 58. Qb3 Qc6 59. Qb5 Qc3
60. Qb4 Qxf3 61. Rc2 Kh7 62. Qb2 Qg4 63. Rc7 Qe6 64. Qf2 Kg7 65. Qd4+ Qe5 66.
Qxe5+ dxe5 67. g4 hxg4 68. Kg3 Kf6 69. Kxg4 Ke6 70. Kg5 f5 71. exf5+ gxf5 72.
h5 f4 73. Kg4 Kd5 74. h6 Ke4 75. h7 f3 76. Rf7 1-0

[Event "Chess House GM-turnering 2018-GM-gruppe"]
[Site "Aarhus"]
[Date "2018.02.17"]
[Round "8"]
[White "Olsen, Filip Boe"]
[Black "Kveinys, Aloyzas"]
[Result "1/2-1/2"]
[WhiteElo "2300"]
[BlackElo "2550"]
[PlyCount "119"]
[EventDate "2018.02.09"]
[EventType "tourn"]
[EventRounds "9"]
[EventCountry "DEN"]

1. d4 Nf6 2. c4 e6 3. Nc3 Bb4 4. f3 d5 5. a3 Bxc3+ 6. bxc3 c6 7. e3 O-O 8. Bd3
b6 9. Ne2 Ba6 10. cxd5 cxd5 11. Bxa6 Nxa6 12. Qd3 Qc8 13. O-O Nc7 14. e4 Qa6
15. Qe3 Qc4 16. e5 Nd7 17. Bd2 b5 18. Ng3 f6 19. exf6 Rxf6 20. Nh5 Rf7 21. Nf4
Re8 22. Nd3 Na8 23. a4 bxa4 24. Nb2 Qb3 25. Nxa4 Nab6 26. Rfb1 Qc2 27. Rc1 Qg6
28. Nb2 Ra8 29. Ra2 h6 30. Rca1 a5 31. Be1 a4 32. Nxa4 Nc4 33. Qe2 Raf8 34. Bg3
h5 35. Kh1 Qh6 36. h3 h4 37. Bh2 Rc8 38. Qf2 g5 39. Qe2 Qg6 40. Re1 Rc6 41. Nb2
Nxb2 42. Qxb2 Qd3 43. Ra8+ Kh7 44. Be5 Qxc3 45. Rh8+ Kg6 46. Rg8+ Kh6 47. Qe2
Rc8 48. Rxc8 Qxc8 49. f4 Nxe5 50. fxg5+ Kxg5 51. Qxe5+ Kg6 52. g4 Rf6 53. Qh5+
Kg7 54. Qg5+ Kf7 55. Qxh4 Qc3 56. Qh7+ Kf8 57. Qh8+ Kf7 58. Qh7+ Kf8 59. Qh8+
Kf7 60. Qh7+ 1/2-1/2

[Event "Chess House GM-turnering 2018-GM-gruppe"]
[Site "Aarhus"]
[Date "2018.02.12"]
[Round "3"]
[White "Thogersen, Rasmus"]
[Black "Kveinys, Aloyzas"]
[Result "1/2-1/2"]
[WhiteElo "2334"]
[BlackElo "2550"]
[PlyCount "199"]
[EventDate "2018.02.09"]
[EventType "tourn"]
[EventRounds "9"]
[EventCountry "DEN"]

1. e4 Nf6 2. e5 Nd5 3. d4 d6 4. Nf3 dxe5 5. Nxe5 c6 6. Bc4 g6 7. O-O Bg7 8. Re1
O-O 9. c3 Be6 10. Nd2 Nd7 11. Nef3 N7b6 12. Bf1 a5 13. Ne4 a4 14. Bg5 h6 15.
Bd2 Nd7 16. Qc1 Kh7 17. h4 N5f6 18. Ng3 Bd5 19. Ne5 Nxe5 20. dxe5 Ng4 21. c4
Be6 22. Bc3 Qc7 23. h5 Rad8 24. Qc2 Nxe5 25. Qe4 Ng4 26. hxg6+ fxg6 27. Qxe6
Qf4 28. Re2 Rd4 29. Be1 a3 30. Rb1 axb2 31. Rbxb2 Rd1 32. Rxb7 Rxe1 33. Qxe7
Rg8 34. Qf7 Qxf7 35. Rxf7 Ra1 36. Ree7 h5 37. f3 Nh6 38. Rf6 Kh8 39. Rxc6 Bd4+
40. Kh2 h4 41. Ne2 Nf5 42. Nxd4 Nxe7 43. Rc7 Nf5 44. Nxf5 gxf5 45. Bd3 Rxa2 46.
Kh3 Raxg2 47. Bxf5 R8g3+ 48. Kxh4 Rxf3 49. Be6 Rf6 50. Rc8+ Kh7 51. Rc7+ Kh6
52. Bd5 Rgg6 53. Rf7 Rxf7 54. Bxf7 Rf6 55. Bd5 Rf4+ 56. Kg3 Kg5 57. Be6 Re4 58.
Bd5 Re3+ 59. Kf2 Kf4 60. Bf7 Ke4 61. Bd5+ Kd3 62. Bf7 Re5 63. Kg3 Re1 64. Bd5
Rf1 65. Kg4 Kd4 66. Kg5 Ke5 67. Kg6 Rf5 68. Bg8 Rf6+ 69. Kg5 Rf1 70. Bd5 Rg1+
71. Kh6 Rg3 72. Kh5 Kf5 73. Kh6 Rg5 74. Be6+ Kf6 75. Bd5 Re5 76. Bc6 Rf5 77.
Bd5 Rg5 78. Kh7 Rg4 79. Kh8 Rg7 80. Bg8 Re7 81. Bh7 Kf7 82. Bg8+ Kg6 83. c5 Rc7
84. c6 Rc8 85. c7 Rxc7 86. Ba2 Rb7 87. Bg8 Ra7 88. Bb3 Rh7+ 89. Kg8 Rb7 90.
Bc2+ Kf6 91. Kh8 Rb8+ 92. Kh7 Rb2 93. Bd3 Rb3 94. Bc2 Rc3 95. Bb1 Rc8 96. Ba2
Rb8 97. Bg8 Rb2 98. Kh8 Rh2+ 99. Bh7 Rxh7+ 100. Kxh7 1/2-1/2

[Event "Chess House GM-turnering 2018-GM-gruppe"]
[Site "Aarhus"]
[Date "2018.02.09"]
[Round "1"]
[White "Teplyi, Igor"]
[Black "Kveinys, Aloyzas"]
[Result "1/2-1/2"]
[WhiteElo "2402"]
[BlackElo "2550"]
[PlyCount "65"]
[EventDate "2018.02.09"]
[EventType "tourn"]
[EventRounds "9"]
[EventCountry "DEN"]

1. d4 Nf6 2. c4 e6 3. Nc3 d5 4. cxd5 exd5 5. Bg5 Be7 6. e3 O-O 7. Bd3 Re8 8.
Nge2 Nbd7 9. Qc2 Nf8 10. O-O Ng6 11. Nf4 c6 12. Rae1 Ng4 13. Bxe7 Rxe7 14. Nxg6
hxg6 15. h3 Nf6 16. f3 Qd6 17. Qf2 c5 18. dxc5 Qxc5 19. e4 Qxf2+ 20. Kxf2 dxe4
21. Nxe4 Nxe4+ 22. Rxe4 Rxe4 23. Bxe4 Be6 24. Rc1 Rd8 25. Ke3 b6 26. a3 g5 27.
Rc7 f5 28. Bc2 f4+ 29. Ke4 Bf7 30. Kf5 Rd5+ 31. Ke4 Rd8 32. Kf5 Rd5+ 33. Ke4
1/2-1/2

[Event "Chess House GM-turnering 2018-GM-gruppe"]
[Site "Aarhus"]
[Date "2018.02.14"]
[Round "5"]
[White "Vorobiov, Evgeny E"]
[Black "Miedema, David"]
[Result "1/2-1/2"]
[WhiteElo "2548"]
[BlackElo "2371"]
[PlyCount "136"]
[EventDate "2018.02.09"]
[EventType "tourn"]
[EventRounds "9"]
[EventCountry "DEN"]

1. d4 e6 2. c4 Nf6 3. Nf3 d5 4. g3 dxc4 5. Bg2 Nc6 6. Qa4 Bb4+ 7. Bd2 Nd5 8.
Qb5 Bxd2+ 9. Nbxd2 c3 10. bxc3 Nxc3 11. Qd3 Nd5 12. O-O O-O 13. Rfc1 Ncb4 14.
Qb1 Na6 15. h4 f6 16. Qb3 c6 17. e4 Ne7 18. Nc4 Nc7 19. a4 Rb8 20. Rab1 Kh8 21.
e5 b6 22. Nd6 Bd7 23. Nd2 Ncd5 24. N2e4 fxe5 25. Ng5 Be8 26. Qd3 Bg6 27. Ndf7+
Kg8 28. Qxg6 Nxg6 29. Nxd8 Rfxd8 30. Rxc6 exd4 31. Nxe6 Rd7 32. Nxd4 Nde7 33.
Rc4 Ne5 34. Rcb4 Rbd8 35. Ne6 Rd1+ 36. Bf1 Rxb1 37. Rxb1 Rd2 38. a5 Nf5 39.
axb6 axb6 40. Rxb6 h6 41. Bh3 Nf3+ 42. Kg2 Ne1+ 43. Kf1 Nd3 44. Rb8+ Kf7 45.
Rf8+ Kxe6 46. Rxf5 g6 47. Rf3+ Ke5 48. Kg1 Rd1+ 49. Bf1 Ne1 50. Re3+ Kf6 51.
Rc3 g5 52. hxg5+ hxg5 53. Be2 Ra1 54. Kf1 Nf3+ 55. Kg2 Ne5 56. f3 Ra2 57. Kf2
Rb2 58. Ra3 Rb6 59. Ra4 Rd6 60. Ra8 Kf7 61. Rh8 Rf6 62. Rh7+ Kg6 63. Re7 Nxf3
64. Bd3+ Kh5 65. Rh7+ Kg4 66. Be2 Kf5 67. g4+ Ke4 68. Bxf3+ Rxf3+ 1/2-1/2

[Event "Chess House GM-turnering 2018-GM-gruppe"]
[Site "Aarhus"]
[Date "2018.02.12"]
[Round "3"]
[White "Kollars, Dmitrij"]
[Black "Miedema, David"]
[Result "1-0"]
[WhiteElo "2509"]
[BlackElo "2371"]
[PlyCount "43"]
[EventDate "2018.02.09"]
[EventType "tourn"]
[EventRounds "9"]
[EventCountry "DEN"]

1. e4 e6 2. d4 d5 3. exd5 exd5 4. Nf3 Bg4 5. h3 Bh5 6. Qe2+ Qe7 7. Be3 Nc6 8.
Nc3 Bxf3 9. Qxf3 Nxd4 10. Qd1 Ne6 11. Nxd5 Qd7 12. Qf3 Qc6 13. O-O-O Ne7 14.
Be2 Nxd5 15. Rxd5 a6 16. Rd3 Qxf3 17. Bxf3 c6 18. Re1 Be7 19. Bg4 Rd8 20. Rb3
Rd7 21. Bd2 O-O 22. Rxe6 1-0

[Event "Chess House GM-turnering 2018-GM-gruppe"]
[Site "Aarhus"]
[Date "2018.02.09"]
[Round "1"]
[White "Vorobiov, Evgeny E"]
[Black "Thogersen, Rasmus"]
[Result "1-0"]
[WhiteElo "2548"]
[BlackElo "2334"]
[PlyCount "45"]
[EventDate "2018.02.09"]
[EventType "tourn"]
[EventRounds "9"]
[EventCountry "DEN"]

1. d4 Nf6 2. c4 g6 3. Nc3 d5 4. Nf3 Bg7 5. cxd5 Nxd5 6. e4 Nxc3 7. bxc3 c5 8.
Be3 O-O 9. Be2 cxd4 10. cxd4 Qa5+ 11. Nd2 Rd8 12. O-O Nc6 13. d5 Ne5 14. Rc1
Qxa2 15. Bd4 Qa5 16. Qc2 Bd7 17. Nb3 Qa4 18. Qb2 Qb4 19. Bxe5 Bxe5 20. Qxe5
Qxb3 21. Qxe7 Qb2 22. Bf3 Bb5 23. Rb1 1-0

[Event "Chess House GM-turnering 2018-GM-gruppe"]
[Site "Aarhus"]
[Date "2018.02.12"]
[Round "3"]
[White "Teplyi, Igor"]
[Black "Matthiesen, Martin"]
[Result "1-0"]
[WhiteElo "2402"]
[BlackElo "2314"]
[PlyCount "59"]
[EventDate "2018.02.09"]
[EventType "tourn"]
[EventRounds "9"]
[EventCountry "DEN"]

1. c4 e6 2. Nc3 d5 3. d4 Nf6 4. cxd5 exd5 5. Bg5 c6 6. e3 Be7 7. Bd3 Nbd7 8. h3
Nb6 9. Nf3 Nh5 10. Bxe7 Qxe7 11. O-O O-O 12. a3 Be6 13. Re1 g6 14. b4 a6 15.
Qb3 Nc4 16. Bxc4 dxc4 17. Qb2 b5 18. Ne5 Rfc8 19. Rad1 Nf6 20. e4 Nh5 21. Qc1
Qf6 22. Re3 Rc7 23. Rf3 Qg7 24. g4 Nf6 25. Qf4 Ne8 26. d5 cxd5 27. exd5 Bc8 28.
d6 Rd7 29. Nxd7 Bxd7 30. Nd5 1-0